| 000 | 01646nam a2200313 i 4500 | ||
|---|---|---|---|
| 003 | DO-SdBNP | ||
| 005 | 20250319094828.0 | ||
| 007 | ta | ||
| 008 | 130412s1994 dr 000 0 spa d | ||
| 040 |
_aDO-SdBNP _bspa _cBNPHU _erda |
||
| 082 | 4 |
_a346.07 _bG633d, 1994 _222 |
|
| 100 | 1 |
_aGómez, Manuel Ubaldo, _d1892-1951. _919596 _4aut. _eautor _qManuel Ubaldo Gómez, Hijo |
|
| 245 | 1 | 0 |
_aDerecho comercial / _cManuel Ubaldo Gómez Hijo ; dirigida por, Raymundo Amaro Guzmán |
| 250 | _acuarta edición | ||
| 264 | 4 |
_aSanto Domingo : _bEditorial Tiempo, _c©1994. |
|
| 300 |
_avolumenes ; _c21 cm. |
||
| 336 |
_atexto _btxt _2rdacontent |
||
| 337 |
_asin mediación _bn _2rdamedia |
||
| 338 |
_avolumen _bnc _2rdacarrier |
||
| 490 |
_aEstudios jurídicos _v2 |
||
| 500 | _aIncluye referencias bibliográficas y notas al pie de las páginas | ||
| 500 | _aLa biblioteca posee el v.1 | ||
| 505 |
_aIntroducción-- _tActos de comercio y comerciantes -- _tCapacidad para ser comerciante -- _tObligaciones especiales de los comerciantes -- _tSociedades comerciales -- _tPrincipios y reglas comunes a las sociedades comerciales -- _tSociedades por interés -- _tSociedades por acciones -- _tReglas de funcionamiento y órganos sociales -- _tCaracterísticas de algunas sociedades -- _tContratos comerciales -- _tLa venta comercial -- _tLa prenda comercial -- _t Teoría de comisión -- _tEl transporte -- _tEfectos de comercio -- _tPagarés a la orden / |
||
| 590 | _aInventariado, 2023/ YL | ||
| 650 | 4 |
_aDerecho comercial _zRepública Dominicana _914449 |
|
| 700 | 1 |
_aGuzmán, Raymundo Amaro, _edirección _983025 |
|
| 910 | _aYLockward | ||
| 942 |
_2ddc _cLBS1 |
||
| 999 |
_c55268 _d55268 |
||